1877 1407 1966 1418 1012 1599 1246 1963 1083 1120 1866 1008 1752 1249 1555 1965 1301 1357 1607 1401 1675 1848 1801 1989 1459 1431 1160 1007 1374 1672 1521 1360 1007 1090 1493 1232 1492 1088 1890 1178 1185 1673 1049 1257 1938 1352 1565 1282 1431 1186 1865 1091 1498 1650 1256 1737 1438 1788 1090 1911 1976 1487 1977 1112 1141 1330 1717 1362 1602 1603 1840 1301 1749 1765 1134 1868 1939 1650 1123 1321 1061 1270 1073 1994 1644 1534 1937 1762 1924 1525 1201 1168 1747 1053 1581 1134 1026 1421 1036 BCNSPRNW ULIB Ver.6.0+V

เปลี่ยนเป็นภาษาไทย

Change to English
 แสดงรายละเอียดบรรณานุกรม
  กลับหน้าหลัก

Brief Record : Get Marc (ISO 2709) : E-mail record : QR code < ปิดหน้าต่าง
LEADER : 00000nam 2200000uu 4500
001    13399123598
003     ULIB
008    141017s2556||||th 000 0 tha d
020    ^a9786162232985
060  4 ^aWY49^bค695ม
100 0  ^aศิริพร มงคลถาวรชัย,^eบรรณาธิการ
245 00 ^aคู่มือการพัฒนาระบบการพยาบาลเฉพาะทางและการปฏิบัติการพยาบาลขั้นสูง /^cศิริพร มงคลถาวรชัย ... [และคนอื่น ๆ] บรรณาธิการ
246 30 ^aการพัฒนาระบบการพยาบาลเฉพาะทางและการปฏิบัติการพยาบาลขั้นสูง
250    ^aพิมพ์ครั้งที่ 1
260    ^aขอนแก่น :^bศูนย์การพยาบาลรายกรณี ฝ่ายการพยาบาล โรงพยาบาลศรีนครินทร์ คณะแพทยศาสตร์ มหาวิทยาลัยขอนแก่น,^c2556
300    ^a[10], 250 หน้า
650  7 ^aการพยาบาล^vคู่มือ
650  7 ^aผู้ป่วย^xการพยาบาล^vคู่มือ
650  7 ^aผู้ป่วย, การจัดการดูแล^vคู่มือ
710 2  ^aมหาวิทยาลัยขอนแก่น.^bคณะแพทยศาสตร์.^bโรงพยาบาลศรีนครินทร์.^bฝ่ายการพยาบาล.^bศูนย์การพยาบาลรายกรณี
945    ^p200^l0^i21452
945    ^p200^l0^i21453
945    ^p200^l0^i21454
945    ^p200^l0^i21455
945    ^p200^l0^i21456
945    ^p200^l0^i21457
945    ^p200^l0^i21458
945    ^p200^l0^i21459
945    ^p200^l0^i21460
945    ^p200^l0^i21461
999    ^aทศพร เกษรทอง
รายการนี้ยังไม่มีแท็ก
คุณยังไม่ได้ล็อกอิน คุณสามารถมีกิจกรรมร่วมกับเว็บไซต์ได้ แต่ต้องล็อกอินก่อน ::
  ล็อกอิน

รายการสื่อสารสนเทศ

ลำดับที่ ประเภท เลขเรียก/บาร์โค้ด สถานที่ สถานะ
1. Book การพยาบาล
Book การพยาบาล
สถานะ=หนังสือเก่า
WY49 ค695ม ฉ.1 
  Barcode: 21452
ห้องสมุดวิทยาเขตนครสวรรค์
►ส่วนจัดเก็บหนังสือเก่า นว.
บนชั้น
  ขอยืม
2. Book การพยาบาล
Book การพยาบาล
สถานะ=หนังสือเก่า
WY49 ค695ม ฉ.10 
  Barcode: 21461
ห้องสมุดวิทยาเขตนครสวรรค์
►ส่วนจัดเก็บหนังสือเก่า นว.
บนชั้น
  ขอยืม
3. Book การพยาบาล
Book การพยาบาล
สถานะ=หนังสือเก่า
WY49 ค695ม ฉ.2 
  Barcode: 21453
ห้องสมุดวิทยาเขตนครสวรรค์
►ส่วนจัดเก็บหนังสือเก่า นว.
บนชั้น
  ขอยืม
4. Book การพยาบาล
Book การพยาบาล
สถานะ=หนังสือเก่า
WY49 ค695ม ฉ.3 
  Barcode: 21454
ห้องสมุดวิทยาเขตนครสวรรค์
►ส่วนจัดเก็บหนังสือเก่า นว.
บนชั้น
  ขอยืม
5. Book การพยาบาล
Book การพยาบาล
สถานะ=หนังสือเก่า
WY49 ค695ม ฉ.4 
  Barcode: 21455
ห้องสมุดวิทยาเขตนครสวรรค์
►ส่วนจัดเก็บหนังสือเก่า นว.
บนชั้น
  ขอยืม
6. Book การพยาบาล
Book การพยาบาล
สถานะ=หนังสือเก่า
WY49 ค695ม ฉ.5 
  Barcode: 21456
ห้องสมุดวิทยาเขตนครสวรรค์
►ส่วนจัดเก็บหนังสือเก่า นว.
บนชั้น
  ขอยืม
7. Book การพยาบาล
Book การพยาบาล
สถานะ=หนังสือเก่า
WY49 ค695ม ฉ.6 
  Barcode: 21457
ห้องสมุดวิทยาเขตนครสวรรค์
►ส่วนจัดเก็บหนังสือเก่า นว.
บนชั้น
  ขอยืม
8. Book การพยาบาล
Book การพยาบาล
สถานะ=หนังสือเก่า
WY49 ค695ม ฉ.7 
  Barcode: 21458
ห้องสมุดวิทยาเขตนครสวรรค์
►ส่วนจัดเก็บหนังสือเก่า นว.
บนชั้น
  ขอยืม
9. Book การพยาบาล
Book การพยาบาล
สถานะ=หนังสือเก่า
WY49 ค695ม ฉ.8 
  Barcode: 21459
ห้องสมุดวิทยาเขตนครสวรรค์
►ส่วนจัดเก็บหนังสือเก่า นว.
บนชั้น
  ขอยืม
10. Book การพยาบาล
Book การพยาบาล
สถานะ=หนังสือเก่า
WY49 ค695ม ฉ.9 
  Barcode: 21460
ห้องสมุดวิทยาเขตนครสวรรค์
►ส่วนจัดเก็บหนังสือเก่า นว.
บนชั้น
  ขอยืม

BibComment


ยังไม่เคยถูกคอมเมนท์

คอมเมนท์ทรัพยากรรายการนี้
  คอมเมนท์: คู่มือการพัฒนาระ..


 Copyright 2026. Bcnsprnw @Library